|
|
|
|
| LEADER |
01122nam a2200253 a 4500 |
| 001 |
GR-MES10371 |
| 008 |
060703s gr b 001 0 gre d |
| 020 |
|
|
|a 047147567X
|
| 040 |
|
|
|a GrPaTEI
|b gre
|c GR-PaULI
|
| 040 |
|
|
|a GrPaTEI
|b gre
|c GR-PaULI
|
| 100 |
1 |
|
|a Porter, Alan W.
|
| 245 |
1 |
0 |
|a Tech mining :
|b Exploiting new technologies for the competitive advantage /
|c Alan L. Porter ; Scott W. Cunningham.
|
| 260 |
|
|
|a Hoboken :
|b Wiley,
|c c2005
|
| 300 |
|
|
|a xviii ,384σ. :
|b εικ. ;
|c 24εκ.
|
| 490 |
0 |
|
|a Wiley series in systems engineering and management
|
| 504 |
|
|
|a Περιλαμβάνει βιβλιογραφικές παραπομπές (σ. 369-376) και ευρετήριο
|
| 650 |
|
0 |
|a Data mining
|
| 650 |
|
0 |
|a Research industrial
|
| 650 |
|
0 |
|a Technological innovations
|x economic aspects
|
| 700 |
1 |
|
|a Gunningham, Scott W.
|
| 942 |
|
|
|2 ddc
|
| 952 |
|
|
|0 0
|1 0
|2 ddc
|4 0
|6 005_740000000000000_POR
|7 0
|9 269875
|a MSLG
|b MSLG
|c BSC
|d 2021-01-17
|e 24
|f 0
|g 0.00
|l 0
|o 005.74 POR
|p 2420000020027
|r 2021-01-17 00:00:00
|t 1
|w 2021-01-17
|y BK15
|x 20060703 0 1
|x GrPaTEI
|
| 971 |
|
|
|a .b25764184
|b 15-04-20
|c 13-09-16
|
| 999 |
|
|
|c 155800
|d 155800
|